Plant used in the manufacture of synthetic resins (Record no. 65106)

MARC details
000 -LEADER
fixed length control field 00314nam a2200121Ia 4500
100 ## - MAIN ENTRY--AUTHOR NAME
Personal name Fraser A
245 #0 - TITLE STATEMENT
Title Plant used in the manufacture of synthetic resins
260 ## - PUBLICATION, DISTRIBUTION, ETC. (IMPRINT)
Name of publisher IRI Transactions
Year of publication 1931
300 ## - PHYSICAL DESCRIPTION
Number of Pages 516-525
650 ## - SUBJECT ADDED ENTRY--TOPICAL TERM
Topical Term Synthetic resins
942 ## - ADDED ENTRY ELEMENTS (KOHA)
Koha item type Journals
Holdings
Withdrawn status Lost status Damaged status Not for loan Home library Current library Shelving location Date acquired Serial Enumeration / chronology Koha item type
      Journals RRII Library RRII Library Rubber chemistry 17/12/2021 Volume 6, Issue 6 Journals